[Event "Great Challenge"]
[Site "http://www.queenalice.com/game.php?id=948806"]
[Date "2011.6.11"]
[Round "-"]
[White "phlopter"]
[Black "wvulcanis"]
[Result "0-1"]
[WhiteElo "1430"]
[BlackElo "1700"]

1. d4 Nf6 2. d5 g6 3. f4 d6 4. a4 a5 5. e3 Bg7 6. Bb5+ Bd7 7. c4 c6 8. dxc6 bxc6
9. Nf3 cxb5 10. cxb5 O-O 11. O-O Qb6 12. Nc3 Bg4 13. h3 Bd7 14. Qd4 Qxd4 15.
exd4 Bc8 16. Be3 Nbd7 17. Rac1 Bb7 18. Ng5 h6 19. Nf3 Ne4 20. Nxe4 Bxe4 21. Rc7
Nb6 22. Rxe7 Bxf3 23. Rxf3 Nxa4 24. b3 Nc3 25. b6 Nd5 26. Rd7 Nxb6 27. Rxd6 Nc8
28. Rc6 Ne7 29. Rc7 Nd5 30. Rd7 Rfd8 31. Rb7 Nxe3 32. Kh2 Bxd4 33. g4 Rf8 34. f5
g5 35. Re7 Nc2 36. Re2 Rac8 37. Kg3 f6 38. h4 Be5+ 39. Rxe5 fxe5 40. hxg5 hxg5
41. f6 Nd4 42. Re3 Rxf6 43. Rxe5 Nxb3 44. Rxg5+ Kf7 45. Rh5 a4 46. g5 Rg6 47.
Rh7+ Rg7 48. Rh5 Kg6 49. Kg4 a3 50. Rh6+ Kf7 51. Kf5 Rc5+ 52. Kf4 Rcxg5 53. Ra6
Ra5 54. Rb6 a2 55. Rb7+ Kg8 56. Rb8+ Kh7 57. Rxb3 a1=Q 58. Rh3+ Kg8 59. Rd3 Qa4+
60. Ke3 Rg3+ 61. Ke2 Qe4+ 62. Kf2 Qxd3 63. Ke1 Qe3+ 64. Kd1 Ra1+ 65. Kc2 Qc3#
0-1

[Event "Challenge"]
[Site "http://www.queenalice.com/game.php?id=963483"]
[Date "2011.7.22"]
[Round "-"]
[White "santiaguinoazul"]
[Black "phlopter"]
[Result "1-0"]
[WhiteElo "1652"]
[BlackElo "1425"]

1. e4 e5 2. Nf3 d6 3. Nc3 Nf6 4. Bc4 a6 5. Ng5 Be6 6. Bxe6 fxe6 7. Nxe6 Qe7 8.
Ng5 h5 9. d3 Nc6 10. Be3 Ng4 11. Nd5 Qd7 12. h3 Nxe3 13. Nxe3 Nd4 14. c3 Ne6 15.
Nxe6 Qxe6 16. Nd5 O-O-O 17. Qb3 Rh6 18. Qc4 Qd7 19. Nb6+ Kb8 20. Nxd7+ Rxd7 21.
Qg8 Rd8 22. b4 g6 23. a4 Be7 24. Qc4 h4 25. O-O c6 26. Qf7 Bg5 27. g4 hxg3 28.
fxg3 Rxh3 29. Qf2 Rdh8 30. Qg2 Be3+ 31. Rf2 Bxf2+ 32. Kxf2 Rh2 33. Qxh2 Rxh2+
34. Kf3 Rc2 35. c4 d5 36. exd5 cxd5 37. cxd5 Rb2 38. Ke4 Rb3 39. d6 Kc8 40. Kxe5
Rxd3 41. Rc1+ Kd7 42. Rc7+ Kd8 43. Rg7 Rxg3 44. Ke6 Re3+ 45. Kf6 Rd3 46. Ke6
Re3+ 47. Kd5 Re8 48. Rxb7 g5 49. Kc6 Re6 50. Rb8# 1-0

[Event "Hyper Challenge"]
[Site "http://www.queenalice.com/game.php?id=978715"]
[Date "2011.8.30"]
[Round "-"]
[White "phlopter"]
[Black "wvulcanis"]
[Result "0-1"]
[WhiteElo "1418"]
[BlackElo "1838"]

1. a4 e5 2. d4 exd4 3. Qxd4 Nc6 4. Qe4+ Be7 5. Nc3 Nf6 6. Qf3 a5 7. e4 O-O 8.
Nh3 Bb4 9. Bb5 Bxc3+ 10. bxc3 Re8 11. Bxc6 dxc6 12. O-O Rxe4 13. Bg5 Re6 14. Nf4
Re5 15. Bxf6 Qxf6 16. Rad1 Bf5 17. Nh5 Qg5 18. Rd2 Bg4 19. Qg3 Bxh5 20. Rd7 Qxg3
21. fxg3 Rc8 22. h3 b5 23. g4 Bg6 24. h4 f6 25. axb5 cxb5 26. g5 fxg5 27. hxg5
Rxg5 28. Re1 Rc5 29. Ree7 Rxc3 30. Rxg7+ Kf8 31. Kh2 Rxc2 32. Kg3 Re8 33. Kf4
Re4+ 34. Kf3 Rc3+ 35. Kf2 Ra4 36. Rge7 Ra2+ 37. Re2 Rxe2+ 38. Kxe2 b4 39. Kd2 a4
40. Rd4 Rb3 41. Rc4 a3 42. Rxc7 Rd3+ 43. Ke2 b3 44. Rc8+ Kg7 45. Rc7+ Kh6 46.
Kf2 b2 47. Rb7 Rd2+ 48. Kg3 a2 49. Kh3 a1=Q 50. g4 Qh1+ 51. Kg3 Qxb7 52. Kh4
Rh2+ 53. Kg3 Qg2+ 54. Kf4 Rh4 55. Ke5 Qxg4 56. Kf6 Qd4+ 57. Ke6 Re4# 0-1

[Event "Recharged Challenge"]
[Site "http://www.queenalice.com/game.php?id=1019553"]
[Date "2012.1.29"]
[Round "-"]
[White "phlopter"]
[Black "wvulcanis"]
[Result "1-0"]
[WhiteElo "1443"]
[BlackElo "1692"]

1. e4 c5 2. Bc4 e6 3. e5 Qg5 4. g3 Qxe5+ 5. Qe2 Qxe2+ 6. Nxe2 d5 7. Bb5+ Bd7 8.
a4 a6 9. Bxd7+ Nxd7 10. d3 d4 11. O-O f5 12. Nf4 Ke7 13. Re1 e5 14. c3 Ngf6 15.
cxd4 cxd4 16. b3 Kf7 17. Nh3 h6 18. Nd2 Bb4 19. Ra2 Rhc8 20. Ba3 Nd5 21. Bxb4
Nxb4 22. f4 Nxd3 23. Rf1 e4 24. Nf2 Nxf2 25. Rxf2 e3 26. Re2 exd2 27. Raxd2 Nc5
28. Rxd4 Nxb3 29. Rd7+ Kg8 30. Ree7 Nc5 31. Rxg7+ Kf8 32. Rdf7+ Ke8 33. Rxf5
Nxa4 34. Rg6 Rc1+ 35. Kg2 Rd8 36. Rxh6 Re1 37. Kf2 Re7 38. Rh8+ Kd7 39. Rd5+ Kc6
40. Rhxd8 Nc3 41. Rd3 Re2+ 42. Kg1 Kb6 43. Rxc3 1-0

[Event "Kraj's Challenge"]
[Site "http://www.queenalice.com/game.php?id=1031215"]
[Date "2012.2.19"]
[Round "-"]
[White "Krajnicov"]
[Black "phlopter"]
[Result "0-1"]
[WhiteElo "1496"]
[BlackElo "1424"]

1. e4 e5 2. Qf3 f6 3. Bc4 Nh6 4. d3 Nc6 5. c3 a6 6. Qg3 b5 7. Bd5 Bb7 8. Ne2 Na5
9. b4 Bxd5 10. bxa5 Bc6 11. Nd2 d5 12. Nb3 dxe4 13. d4 Nf5 14. Qh3 Bd7 15. g4
Ne7 16. Qh5+ Ng6 17. Ng3 exd4 18. Kd1 dxc3 19. Re1 Bxg4+ 20. Kc2 Qd3# 0-1

[Event "Kraj's Challenge"]
[Site "http://www.queenalice.com/game.php?id=1031219"]
[Date "2012.2.19"]
[Round "-"]
[White "phlopter"]
[Black "Krajnicov"]
[Result "1-0"]
[WhiteElo "1469"]
[BlackElo "1463"]

1. e4 e5 2. Nf3 Qf6 3. d3 Bc5 4. a3 h6 5. b4 Bb6 6. Bb2 d6 7. Nc3 c6 8. a4 a5 9.
b5 g5 10. bxc6 g4 11. Nd5 Qd8 12. Nd2 Nf6 13. Nxb6 Ra6 14. Nxc8 Qxc8 15. cxb7
Qxb7 16. Nc4 Qb4+ 17. c3 Qc5 18. Ba3 Qa7 19. Nxd6+ 1-0

[Event "Riariaria Challenge"]
[Site "http://www.queenalice.com/game.php?id=1034724"]
[Date "2012.3.1"]
[Round "-"]
[White "phlopter"]
[Black "wvulcanis"]
[Result "1-0"]
[WhiteElo "1485"]
[BlackElo "1667"]

1. e4 e5 2. a3 Nf6 3. Nc3 Nc6 4. Nf3 d5 5. exd5 Nxd5 6. Nxd5 Qxd5 7. b3 Be7 8.
c4 Qc5 9. Bd3 Nd4 10. O-O f5 11. b4 Qc6 12. Nxe5 Qf6 13. f4 O-O 14. Bb2 Ne6 15.
Rb1 Qh6 16. c5 Nxf4 17. Bd4 Qg5 18. g3 Nh3+ 19. Kh1 b6 20. Be3 Qf6 21. Qh5 Bb7+
22. Nf3 Bxf3+ 23. Rxf3 Qc6 24. Bxf5 h6 25. Kg2 Ng5 26. Bxg5 Bxg5 27. Kh3 Bxd2
28. Rbb3 Rad8 29. g4 Rd5 30. Rbd3 Qb5 31. Rxd5 Qf1+ 32. Rxf1 1-0

[Event "le Challenge"]
[Site "http://www.queenalice.com/game.php?id=1036401"]
[Date "2012.3.5"]
[Round "-"]
[White "passant"]
[Black "phlopter"]
[Result "1-0"]
[WhiteElo "1786"]
[BlackElo "1508"]

1. d4 d5 2. c4 dxc4 3. e4 b5 4. a4 bxa4 5. Bxc4 Bd7 6. Nc3 Nf6 7. Qf3 Nc6 8. Qd3
e5 9. Nf3 exd4 10. Nxd4 Nb4 11. Qd2 Bc5 12. Nxa4 Nxe4 13. Qe2 Qe7 14. f3 Bxd4
15. fxe4 O-O 16. Bd3 Nxd3+ 17. Qxd3 c5 18. Be3 Bxe3 19. Qxe3 c4 20. O-O Qb4 21.
Qa3 Qd2 22. Rad1 Qc2 23. Rxd7 g6 24. Nc5 Rab8 25. Rb7 Rxb7 26. Nxb7 Qxe4 27.
Qxa7 Qc2 28. Qf2 Qb3 29. Nc5 Qb4 30. Nd7 Rd8 31. Qxf7+ Kh8 32. Qf6+ Kg8 33.
Qxd8+ Kg7 34. Qf8+ Qxf8 35. Rxf8 g5 36. Rc8 h5 37. Rxc4 Kg6 38. b4 h4 39. Rc6+
Kh5 40. b5 h3 41. b6 hxg2 42. b7 Kh4 43. b8=Q g4 44. Qh8+ Kg5 45. Qf6+ Kh5 46.
Qh6# 1-0

[Event "Challenge"]
[Site "http://www.queenalice.com/game.php?id=1041045"]
[Date "2012.3.20"]
[Round "-"]
[White "wvulcanis"]
[Black "phlopter"]
[Result "1-0"]
[WhiteElo "1630"]
[BlackElo "1503"]

1. e4 a5 2. d4 e6 3. e5 d6 4. Nf3 h6 5. c4 Nc6 6. Nc3 dxe5 7. dxe5 Bb4 8. Bd2
Nge7 9. Be2 O-O 10. O-O Ng6 11. a3 Be7 12. Nb5 Ngxe5 13. Nxe5 Nxe5 14. b4 a4 15.
c5 c6 16. Bf4 Nd7 17. Nc3 b5 18. Bf3 Bb7 19. Qd3 Bf6 20. Rad1 e5 21. Bg3 e4 22.
Bxe4 Bxc3 23. Qxc3 Qe7 24. Rfe1 Qg5 25. Rxd7 Bc8 26. Rd4 h5 27. Bxc6 Ra7 28.
Bxb5 Re7 29. Rxe7 Qxe7 30. Bd6 Qg5 31. Bxf8 Kxf8 32. Bxa4 h4 33. Bb3 Bb7 34. c6
Bc8 35. f4 Qf5 36. Qd3 Qg4 37. Rd8+ Ke7 38. Qd6# 1-0

[Event "Challenge"]
[Site "http://www.queenalice.com/game.php?id=1049593"]
[Date "2012.4.17"]
[Round "-"]
[White "phlopter"]
[Black "TomBishop"]
[Result "1-0"]
[WhiteElo "1492"]
[BlackElo "1578"]

1. e4 e5 2. Nf3 Nc6 3. Bc4 Nf6 4. d3 Bb4+ 5. Bd2 Bxd2+ 6. Qxd2 d6 7. O-O O-O 8.
Nc3 a6 9. Nd5 Nxd5 10. exd5 Nd4 11. Nxd4 exd4 12. Qf4 c6 13. Qxd4 c5 14. Qe3 Re8
15. Qg3 b5 16. Bb3 Qc7 17. c4 bxc4 18. dxc4 a5 19. Bc2 Re2 20. Qd3 Rxc2 21. Qxc2
Ba6 22. Rae1 Qb7 23. Re4 Qc8 24. Rh4 g6 25. h3 Rb8 26. b3 Qe8 27. Qd2 Qd8 28.
Qh6 a4 29. Qxh7+ Kf8 30. Re1 f5 31. Qh8+ Kf7 32. Re8 Qxe8 33. Rh7# 1-0

[Event "Challenge"]
[Site "http://www.queenalice.com/game.php?id=1061486"]
[Date "2012.5.19"]
[Round "-"]
[White "JD"]
[Black "phlopter"]
[Result "0-1"]
[WhiteElo "1360"]
[BlackElo "1511"]

1. Nf3 d5 2. d4 Bg4 3. c3 Bxf3 4. gxf3 Nc6 5. f4 f5 6. e3 Nf6 7. b4 Ne4 8. f3
Nf6 9. Qc2 e6 10. a4 a6 11. b5 axb5 12. Bxb5 Nh5 13. Ba3 Be7 14. Nd2 Bh4+ 15.
Kd1 Be7 0-1

[Event "OS INCLIVEIS"]
[Site "http://www.queenalice.com/game.php?id=1064662"]
[Date "2012.5.27"]
[Round "-"]
[White "adelio"]
[Black "phlopter"]
[Result "1/2-1/2"]
[WhiteElo "1721"]
[BlackElo "1513"]

1. Nf3 d5 2. d4 Bg4 3. h3 Bxf3 4. exf3 f5 5. h4 e6 6. g4 fxg4 7. fxg4 c5 8. Nd2
cxd4 9. Nf3 Bb4+ 10. Bd2 Bc5 11. Bb5+ Nc6 12. Ne5 Ne7 13. Bg5 Qa5+ 14. Bd2 Bb4
15. Bxc6+ Nxc6 16. Nd3 e5 17. Nxb4 Nxb4 18. a3 O-O 19. Bxb4 Qb6 20. Bxf8 Rxf8
21. b4 Qf6 22. Rh2 Qf4 23. Rg2 Qe4+ 24. Kf1 g6 25. Qe2 Qf4 26. Ra2 e4 27. Kg1
Qc1+ 1/2-1/2

[Event "OS INCLIVEIS"]
[Site "http://www.queenalice.com/game.php?id=1070213"]
[Date "2012.6.9"]
[Round "-"]
[White "adelio"]
[Black "phlopter"]
[Result "1-0"]
[WhiteElo "1672"]
[BlackElo "1521"]

1. d4 d5 2. e4 dxe4 3. Nc3 Nf6 4. f3 exf3 5. Qxf3 e6 6. Be3 Bd6 7. Rd1 O-O 8.
Bg5 Nbd7 9. Qh3 h6 10. Bc1 Nd5 11. g3 Nxc3 12. bxc3 Qe7 13. Nf3 e5 14. Be3 1-0

[Event "Challenge"]
[Site "http://www.queenalice.com/game.php?id=1077116"]
[Date "2012.6.28"]
[Round "-"]
[White "phlopter"]
[Black "adelio"]
[Result "1-0"]
[WhiteElo "1521"]
[BlackElo "1757"]

1. d4 b6 2. d5 Bb7 3. Nf3 Nf6 4. c4 h6 5. Nc3 a6 6. e4 c6 7. e5 Ng4 8. h3 Nxf2
9. Kxf2 d6 10. e6 f6 11. Bd3 Qc7 12. Bg6+ Kd8 13. Qd3 cxd5 14. cxd5 b5 15. b4
Qc4 16. Ba3 h5 17. Qc2 Bxd5 18. Bd3 Qc6 19. Qd2 Bxf3 20. gxf3 Ra7 21. Rac1 Qb6+
22. Kg2 Qd4 23. Ne2 Qh4 24. Qc3 Qg5+ 25. Ng3 Qc5 26. bxc5 d5 27. c6 Rc7 28. Qd4
g6 29. Qb6 Kc8 30. Rc5 Bh6 31. Rxd5 Bf4 32. Ne4 f5 33. Nc5 Bd6 34. Nxa6 Nxa6 35.
Qxa6+ Kd8 36. Bxd6 exd6 37. Rxd6+ Ke7 38. Rd7+ Rxd7 39. cxd7 h4 40. Bxb5 g5 41.
Rd1 g4 42. d8=Q+ Rxd8 43. Rd7+ Rxd7 44. Bxd7 gxf3+ 45. Kxf3 Kf6 46. Qd6 Kg5 47.
Qf4+ Kf6 48. Qxh4+ Ke5 49. e7 Kd5 50. Qf4 Kc5 51. Qxf5+ Kd6 52. Qe6+ Kc5 53.
e8=Q Kd4 54. Qe4+ Kc3 55. Q8e5+ Kd2 56. Q5d4+ Kc1 57. Qe2 Kb1 58. Qdd1# 1-0

[Event "POR UM BRASIL MAIS JUSTO !"]
[Site "http://www.queenalice.com/game.php?id=1112576"]
[Date "2012.10.15"]
[Round "-"]
[White "jw16js"]
[Black "phlopter"]
[Result "0-1"]
[WhiteElo "1512"]
[BlackElo "1507"]

1. d4 d5 2. c3 Bf5 3. Qb3 b6 4. Bf4 Nf6 5. Nd2 e6 6. Be5 Bd6 7. Qa4+ Nbd7 8.
Bxf6 Qxf6 9. e3 e5 10. dxe5 Qxe5 11. Ngf3 Qf6 12. Qc6 O-O 13. Qxd5 Bc5 14. Bb5
Rad8 15. Qb3 Be6 16. Qc2 Ne5 17. Nxe5 Qxe5 18. b4 Be7 19. Nf3 Qxb5 20. Nd4 Qd5
21. O-O c5 22. bxc5 bxc5 23. Nf3 Bg4 24. Rad1 Qc4 25. Ne5 Qe6 26. Nf3 Bxf3 27.
gxf3 Bd6 28. f4 h6 29. f5 Qe5 30. f4 Qxe3+ 31. Qf2 Qxc3 32. Rd5 Qc4 33. Rd2 Qb4
34. Rb2 Qa4 35. Rb3 c4 36. Qd4 Be7 37. Qb2 cxb3 38. axb3 Qb5 39. Kg2 Qxf5 40. h3
Bh4 41. Rf3 Rd3 42. Qb1 Rd2+ 43. Rf2 Rxf2+ 0-1

[Event "Challenge"]
[Site "http://www.queenalice.com/game.php?id=1151135"]
[Date "2013.2.12"]
[Round "-"]
[White "SixChentYu"]
[Black "phlopter"]
[Result "0-1"]
[WhiteElo "1691"]
[BlackElo "1532"]

1. c4 d5 2. cxd5 Qxd5 3. Nc3 Qe5 4. d4 Qf6 5. Nf3 Nc6 6. Bg5 Qd6 7. Nb5 Qb4+ 8.
Nc3 Qxb2 9. Nd5 Kd8 10. e3 f6 11. Bf4 e5 12. Bg3 Nge7 13. Bc4 Nxd5 14. Bxd5 Bg4
15. Rb1 Qc3+ 16. Qd2 Qa3 17. Rxb7 Rb8 18. Bxc6 Rxb7 19. Bxb7 Bb4 20. O-O Bxd2
21. Nxd2 Qb4 22. Nb3 Qxb7 23. Rd1 Bxd1 0-1